Sports Quiz

Random Sports Quiz
Score 0/10 Timer 07:00
0 Plays Today
Hint Answer % Correct
30.0Eli Manning
84.4%
25.0Brandon Weeden
78.1%
38.0Geno Smith
78.1%
1.4Blaine Gabbert
71.9%
26.8Josh Freeman
68.8%
21.7Chad Henne
53.1%
29.1Robert Griffin III
46.9%
37.4Sam Bradford
46.9%
35.7Joe Flacco
43.8%
38.4Ben Roethlisberger
40.6%
Remove Ads.
Support Sporcle.
Get the best of Sporcle when you Go Orange. This ad-free experience offers more features, more stats, and more fun while also helping to support Sporcle. Thank you for becoming a member.

You're not logged in!

Compare scores with friends on all Sporcle quizzes.
OR
Log In

Show Comments

Extras

Created Oct 4, 2013ReportNominate
Tags:2013, Worst

Top Quizzes Today


Score Distribution

Your Account Isn't Verified!

In order to create a playlist on Sporcle, you need to verify the email address you used during registration. Go to your Sporcle Settings to finish the process.

Report this User

Report this user for behavior that violates our Community Guidelines.

Details: